000 00602nam a22002177a 4500
003 OSt
005 20260311111842.0
008 260311b |||||||| |||| 00| 0 eng d
040 _cDDC
082 _a340.96761
100 _aUganda Law Reform Commission
_919550
245 _aLaws of the Republic of Uganda
250 _aRev. ed.
260 _aKampala
_bParliament
_c2023
300 _accclxix, 12449p. ;Ill: 25.5cm
504 _aIndices included
650 _aLaws
_912632
650 _aUganda
_97557
650 _aReform commission
_919551
942 _2ddc
_cO_SHELF
_ilaw department
999 _c9609
_d9609